000
00208 a2200097 4500
001
2297
100
_a
Zweng, C A
245
_a
Flight Engineers manual
260
_a
_b
Pan American N S
_c
090
_c
1662
_d
1662
942
_a
NUST-CAE
_c
M
_c
7358
999
_c
237370
_d
237370